História de Portugal - Statistics

Estatísticas Gerais
  • Esse quiz foi jogado 343 vezes
  • A pontuação média é 10 de 15
Estatísticas das Respostas
Hint Resposta % Correto
Em que ano Pedro Álvares Cabral descobriu o Brasil? 1500
90%
Quem foi o primeiro rei de Portugal? Afonso Henriques
90%
Em que ano se deu o terramoto de Lisboa? 1755
82%
Quem foi o primeiro rei da segunda dinastia? D. João I
79%
Qual foi o rei que restaurou a independência em Portugal? D. João IV
79%
Quem foi o último rei de Portugal? D. Manuel II
76%
Como se chamava a dinastia espanhola que governou Portugal durante 60 anos? Filipina
73%
Em que Batalha morreu o rei D.Sebastião? Alcácer Quibir
70%
Quem planeou e comandou a primeira viagem de circum-navegação do mundo? Fernão de Magalhães
70%
Em ano Vasco da Gama descobriu o caminho para a Índia? 1498
65%
Em que ano se deu o Tratado de Zammora? 1143
59%
Em que século as tropas de Napoleão invadiram Portugal? séc. XIX
50%
Que foi Marquês de Pombal? Ministro
36%
Em que ano começou a guerra civil entre D.Miguel e D.Pedro? 1828
28%
Quem foi o primeiro chefe de Estado? Teófilo Braga
24%
Nenhum quiz correspondente encontrado
Distribuição das Pontuações
Porcentagem de Pessoas com Cada Pontuação
Percentil de Números Respondidos
Sua Pontuação Histórica
Você não jogou esse quiz